[Event "Amateur Tournament (ATO)"]
[Site "https://www.chess.com"]
[Date "2025.07.19"]
[Round "5"]
[White "Hakvoort, Remy"]
[Black "Kulikov, Mikhail L"]
[Result "0-1"]
[Board "8"]
[WhiteFideId "1047094"]
[BlackFideId "4147847"]
[WhiteElo "1834"]
[BlackElo "1907"]
[WhiteTeam "NED"]
[BlackTeam "RUS"]
[WhiteClock "0:46:54"]
[BlackClock "1:10:05"]
[Variant "Standard"]

1. d4 {[%clk 1:30:51]}  Nf6 {[%clk 1:30:53]} 2. Nf3 {[%clk 1:31:13]}  e6 {[%clk 1:31:14]} 3. Bf4 {[%clk 1:31:28]}  c5 {[%clk 1:31:36]} 4. e3 {[%clk 1:30:51]}  Qb6 {[%clk 1:31:28]} 5. Nc3 {[%clk 1:30:09]}  a6 {[%clk 1:27:03]} 6. a3 {[%clk 1:21:02]}  Nc6 {[%clk 1:23:41]} 7. Be2 {[%clk 1:17:47]}  Nh5 {[%clk 1:18:40]} 8. Bg3 {[%clk 1:02:05]}  cxd4 {[%clk 1:14:55]} 9. Nxd4 {[%clk 1:01:22]}  Nxd4 {[%clk 1:12:41]} 10. exd4 {[%clk 0:52:49]}  Nxg3 {[%clk 1:12:35]} 11. hxg3 {[%clk 0:53:12]}  d5 {[%clk 1:10:47]} 12. O-O {[%clk 0:51:52]}  Bd7 {[%clk 1:10:05]} 13. Qd2 {[%clk 0:46:54]} 0-1

[Event "Amateur Tournament (ATO)"]
[Site "https://www.chess.com"]
[Date "2025.07.19"]
[Round "5"]
[White "Lesniak, Julien"]
[Black "Meshach, Felix"]
[Result "1/2-1/2"]
[Board "9"]
[WhiteFideId "1303074"]
[BlackFideId "1342959"]
[WhiteElo "1741"]
[BlackElo "1905"]
[WhiteTeam "SUI"]
[BlackTeam "SUI"]
[WhiteClock "0:50:17"]
[BlackClock "1:11:32"]
[Variant "Standard"]

1. d4 {[%clk 1:30:55]}  e6 {[%clk 1:30:09]} 2. e4 {[%clk 1:29:46]}  b6 {[%clk 1:29:43]} 3. c4 {[%clk 1:28:18]}  Bb7 {[%clk 1:28:03]} 4. Bd3 {[%clk 1:24:55]}  Bb4+ {[%clk 1:26:34]} 5. Bd2 {[%clk 1:22:34]}  Bxd2+ {[%clk 1:26:59]} 6. Qxd2 {[%clk 1:22:05]}  f5 {[%clk 1:24:37]} 7. Nc3 {[%clk 1:21:19]}  Nf6 {[%clk 1:22:42]} 8. f3 {[%clk 1:15:31]}  fxe4 {[%clk 1:20:23]} 9. fxe4 {[%clk 1:09:38]}  d6 {[%clk 1:20:09]} 10. Nf3 {[%clk 1:08:10]}  Nbd7 {[%clk 1:18:47]} 11. O-O {[%clk 1:02:36]}  e5 {[%clk 1:16:53]} 12. d5 {[%clk 0:58:53]}  Qe7 {[%clk 1:15:04]} 13. b4 {[%clk 0:57:27]}  a6 {[%clk 1:13:27]} 14. Ng5 {[%clk 0:50:17]}  h6 {[%clk 1:11:32]} 1/2-1/2

[Event "Amateur Tournament (ATO)"]
[Site "https://www.chess.com"]
[Date "2025.07.19"]
[Round "5"]
[White "Ploder, Udo"]
[Black "Hasini Kamabathula"]
[Result "1-0"]
[Board "10"]
[WhiteFideId "4699955"]
[BlackFideId "25712837"]
[WhiteElo "1886"]
[BlackElo "1624"]
[WhiteTeam "GER"]
[BlackTeam "IND"]
[WhiteClock "1:06:47"]
[BlackClock "1:20:49"]
[Variant "Standard"]

1. e4 {[%clk 1:30:55]}  e5 {[%clk 1:30:54]} 2. f4 {[%clk 1:31:15]}  exf4 {[%clk 1:31:14]} 3. Nf3 {[%clk 1:31:38]}  d5 {[%clk 1:31:34]} 4. exd5 {[%clk 1:31:48]}  Nf6 {[%clk 1:31:56]} 5. Be2 {[%clk 1:30:50]}  Nxd5 {[%clk 1:32:07]} 6. c4 {[%clk 1:28:56]}  Ne7 {[%clk 1:32:23]} 7. d4 {[%clk 1:28:52]}  Ng6 {[%clk 1:32:47]} 8. Nc3 {[%clk 1:28:26]}  c6 {[%clk 1:30:25]} 9. O-O {[%clk 1:22:37]}  Be7 {[%clk 1:28:18]} 10. Bd3 {[%clk 1:22:18]}  O-O {[%clk 1:25:19]} 11. Kh1 {[%clk 1:15:17]}  Bg4 {[%clk 1:24:26]} 12. Bxg6 {[%clk 1:06:47]}  Qc7 {[%clk 1:20:49]} 1-0

[Event "Amateur Tournament (ATO)"]
[Site "https://www.chess.com"]
[Date "2025.07.19"]
[Round "5"]
[White "Jampen, Florian"]
[Black "Leuenberger, Urs"]
[Result "1-0"]
[Board "11"]
[WhiteFideId "1352261"]
[BlackFideId "1310585"]
[WhiteElo "1891"]
[BlackElo "1859"]
[WhiteTeam "SUI"]
[BlackTeam "SUI"]
[WhiteClock "0:17:15"]
[BlackClock "0:05:33"]
[Variant "Standard"]

1. c4 {[%clk 1:18:09]}  c5 {[%clk 1:29:57]} 2. g3 {[%clk 1:18:32]}  Nc6 {[%clk 1:29:55]} 3. Bg2 {[%clk 1:18:52]}  g6 {[%clk 1:29:57]} 4. Nc3 {[%clk 1:19:16]}  Bg7 {[%clk 1:30:13]} 5. e4 {[%clk 1:19:29]}  d6 {[%clk 1:29:00]} 6. Nge2 {[%clk 1:14:52]}  e6 {[%clk 1:28:31]} 7. d3 {[%clk 1:14:50]}  Nge7 {[%clk 1:28:42]} 8. Be3 {[%clk 1:14:18]}  O-O {[%clk 1:28:25]} 9. Qd2 {[%clk 1:14:19]}  Re8 {[%clk 1:27:02]} 10. O-O {[%clk 1:14:05]}  Rb8 {[%clk 1:26:50]} 11. d4 {[%clk 1:10:21]}  b6 {[%clk 1:19:24]} 12. b3 {[%clk 1:02:16]}  a6 {[%clk 1:14:21]} 13. Rad1 {[%clk 1:02:09]}  Qc7 {[%clk 1:13:12]} 14. d5 {[%clk 1:01:38]}  exd5 {[%clk 1:12:07]} 15. Nxd5 {[%clk 1:01:44]}  Nxd5 {[%clk 1:12:04]} 16. Qxd5 {[%clk 1:01:27]}  Bf8 {[%clk 1:00:15]} 17. f4 {[%clk 0:47:57]}  Be6 {[%clk 0:54:28]} 18. Qd2 {[%clk 0:47:32]}  f5 {[%clk 0:53:49]} 19. exf5 {[%clk 0:45:43]}  Bxf5 {[%clk 0:51:19]} 20. Nc3 {[%clk 0:45:40]}  Kh8 {[%clk 0:37:03]} 21. h3 {[%clk 0:42:32]}  Nb4 {[%clk 0:33:05]} 22. g4 {[%clk 0:39:56]}  Be6 {[%clk 0:29:01]} 23. a3 {[%clk 0:34:18]}  Nc6 {[%clk 0:29:17]} 24. Qd3 {[%clk 0:28:08]}  Bf7 {[%clk 0:22:02]} 25. Nd5 {[%clk 0:24:23]}  Qd8 {[%clk 0:21:58]} 26. g5 {[%clk 0:20:45]}  Bxd5 {[%clk 0:22:04]} 27. Bxd5 {[%clk 0:20:35]}  Ne7 {[%clk 0:17:47]} 28. Rfe1 {[%clk 0:20:57]}  Bg7 {[%clk 0:05:33]} 29. h4 {[%clk 0:17:15]} 1-0

[Event "Amateur Tournament (ATO)"]
[Site "https://www.chess.com"]
[Date "2025.07.19"]
[Round "5"]
[White "Aegerter, Fabrice"]
[Black "Ding, Shirui"]
[Result "0-1"]
[Board "13"]
[WhiteFideId "1344854"]
[BlackFideId "8618445"]
[WhiteElo "1922"]
[BlackElo "1770"]
[WhiteTeam "SUI"]
[BlackTeam "CHN"]
[WhiteClock "0:09:39"]
[BlackClock "0:33:41"]
[Variant "Standard"]

1. d4 {[%clk 1:30:20]}  Nf6 {[%clk 1:30:30]} 2. Nc3 {[%clk 1:30:20]}  d5 {[%clk 1:30:47]} 3. Bf4 {[%clk 1:30:43]}  g6 {[%clk 1:31:04]} 4. e3 {[%clk 1:30:59]}  Bg7 {[%clk 1:31:22]} 5. h4 {[%clk 1:31:21]}  h5 {[%clk 1:31:40]} 6. Nf3 {[%clk 1:31:23]}  O-O {[%clk 1:31:49]} 7. Ne5 {[%clk 1:31:06]}  c5 {[%clk 1:31:08]} 8. Qd2 {[%clk 1:31:07]}  cxd4 {[%clk 1:30:15]} 9. exd4 {[%clk 1:31:28]}  Nc6 {[%clk 1:29:25]} 10. f3 {[%clk 1:30:46]}  Bf5 {[%clk 1:21:12]} 11. Bb5 {[%clk 1:02:51]}  Qb6 {[%clk 1:15:47]} 12. Bxc6 {[%clk 0:56:04]}  bxc6 {[%clk 1:16:05]} 13. O-O {[%clk 0:55:07]}  Qxb2 {[%clk 1:13:34]} 14. Nxc6 {[%clk 0:50:47]}  Rfe8 {[%clk 1:05:39]} 15. Rab1 {[%clk 0:45:33]}  Qxc2 {[%clk 1:02:41]} 16. Rb7 {[%clk 0:37:47]}  Rac8 {[%clk 0:58:25]} 17. Qxc2 {[%clk 0:34:19]}  Bxc2 {[%clk 0:58:50]} 18. Nxe7+ {[%clk 0:33:21]}  Rxe7 {[%clk 0:59:13]} 19. Rxe7 {[%clk 0:33:45]}  Rxc3 {[%clk 0:59:32]} 20. Rxa7 {[%clk 0:31:50]}  Bf5 {[%clk 0:50:00]} 21. Re1 {[%clk 0:24:19]}  Nd7 {[%clk 0:45:20]} 22. Re8+ {[%clk 0:18:53]}  Kh7 {[%clk 0:45:29]} 23. Be5 {[%clk 0:18:50]}  Nxe5 {[%clk 0:38:22]} 24. dxe5 {[%clk 0:19:12]}  Be6 {[%clk 0:37:46]} 25. Kf1 {[%clk 0:17:40]}  d4 {[%clk 0:35:48]} 26. Ke1 {[%clk 0:13:26]}  Re3+ {[%clk 0:34:30]} 27. Kd2 {[%clk 0:12:49]}  Rxe5 {[%clk 0:35:13]} 28. a4 {[%clk 0:12:26]}  Bh6+ {[%clk 0:34:36]} 29. Kd3 {[%clk 0:11:58]}  Bf5+ {[%clk 0:34:57]} 30. Kxd4 {[%clk 0:12:09]}  Rxe8 {[%clk 0:35:22]} 31. Rxf7+ {[%clk 0:11:53]}  Bg7+ {[%clk 0:35:45]} 32. Kc5 {[%clk 0:11:46]}  Ra8 {[%clk 0:33:21]} 33. Kb5 {[%clk 0:11:55]}  Kg8 {[%clk 0:33:27]} 34. Rb7 {[%clk 0:11:53]}  Bd3+ {[%clk 0:33:34]} 35. Kb4 {[%clk 0:12:04]}  Bf8+ {[%clk 0:33:41]} 36. Kb3 {[%clk 0:09:39]} 0-1

[Event "Amateur Tournament (ATO)"]
[Site "https://www.chess.com"]
[Date "2025.07.19"]
[Round "5"]
[White "Hofmann, Hans"]
[Black "Perego, Jonas Gion"]
[Result "1-0"]
[Board "14"]
[WhiteFideId "1332503"]
[BlackFideId "1354680"]
[WhiteElo "1932"]
[BlackElo "1792"]
[WhiteTeam "SUI"]
[BlackTeam "SUI"]
[WhiteClock "0:46:06"]
[BlackClock "0:27:51"]
[Variant "Standard"]

1. d4 {[%clk 1:30:55]}  f5 {[%clk 1:30:55]} 2. Nf3 {[%clk 1:30:54]}  Nf6 {[%clk 1:31:19]} 3. g3 {[%clk 1:31:08]}  g6 {[%clk 1:31:42]} 4. Bg2 {[%clk 1:30:30]}  Bg7 {[%clk 1:32:05]} 5. O-O {[%clk 1:30:49]}  O-O {[%clk 1:32:24]} 6. c4 {[%clk 1:31:08]}  d6 {[%clk 1:32:46]} 7. Nc3 {[%clk 1:31:09]}  Qe8 {[%clk 1:32:17]} 8. d5 {[%clk 1:31:17]}  a6 {[%clk 1:30:49]} 9. Nd4 {[%clk 1:29:56]}  e5 {[%clk 1:26:11]} 10. dxe6 {[%clk 1:28:12]}  Nc6 {[%clk 1:23:47]} 11. e3 {[%clk 1:17:00]}  Rb8 {[%clk 1:11:12]} 12. Nd5 {[%clk 1:12:11]}  Nxd4 {[%clk 1:07:28]} 13. exd4 {[%clk 1:11:11]}  Bxe6 {[%clk 0:43:47]} 14. Re1 {[%clk 0:58:34]}  Qf7 {[%clk 0:42:24]} 15. Nxf6+ {[%clk 0:57:29]}  Bxf6 {[%clk 0:40:44]} 16. Rxe6 {[%clk 0:57:48]}  Kg7 {[%clk 0:39:41]} 17. d5 {[%clk 0:54:10]}  g5 {[%clk 0:36:30]} 18. Rb1 {[%clk 0:52:58]}  h5 {[%clk 0:35:43]} 19. Be3 {[%clk 0:50:17]}  h4 {[%clk 0:29:21]} 20. Bd4 {[%clk 0:50:00]}  Be5 {[%clk 0:28:55]} 21. Bxe5+ {[%clk 0:49:00]}  dxe5 {[%clk 0:29:20]} 22. Rxe5 {[%clk 0:46:18]}  hxg3 {[%clk 0:28:06]} 23. hxg3 {[%clk 0:45:59]}  g4 {[%clk 0:27:51]} 24. Qe2 {[%clk 0:46:06]} 1-0

[Event "Amateur Tournament (ATO)"]
[Site "https://www.chess.com"]
[Date "2025.07.19"]
[Round "5"]
[White "Pantillon, Patrick Andre"]
[Black "Schmid, Nicola"]
[Result "0-1"]
[Board "15"]
[WhiteFideId "1313266"]
[BlackFideId "1320769"]
[WhiteElo "1764"]
[BlackElo "1910"]
[WhiteTeam "SUI"]
[BlackTeam "SUI"]
[WhiteClock "0:07:56"]
[BlackClock "0:12:57"]
[Variant "Standard"]

1. Nc3 {[%clk 1:30:44]}  d5 {[%clk 1:30:50]} 2. e4 {[%clk 1:30:52]}  dxe4 {[%clk 1:26:42]} 3. Nxe4 {[%clk 1:31:00]}  Nf6 {[%clk 1:26:05]} 4. Qf3 {[%clk 1:22:36]}  Nbd7 {[%clk 1:20:54]} 5. Bc4 {[%clk 1:07:36]}  Ne5 {[%clk 1:15:41]} 6. Nxf6+ {[%clk 1:07:25]}  exf6 {[%clk 1:14:05]} 7. Qb3 {[%clk 1:07:26]}  Bd6 {[%clk 1:12:13]} 8. Nf3 {[%clk 1:05:13]}  Nxc4 {[%clk 1:10:59]} 9. Qxc4 {[%clk 1:04:44]}  O-O {[%clk 1:09:58]} 10. O-O {[%clk 1:03:02]}  Be6 {[%clk 1:06:19]} 11. Qh4 {[%clk 1:02:12]}  c5 {[%clk 1:05:01]} 12. d3 {[%clk 1:00:24]}  Qc7 {[%clk 1:05:16]} 13. Re1 {[%clk 0:58:21]}  Rfe8 {[%clk 1:02:22]} 14. Bd2 {[%clk 0:53:30]}  Bd5 {[%clk 1:01:25]} 15. Kf1 {[%clk 0:43:49]}  h6 {[%clk 0:12:57]} 16. h3 {[%clk 0:07:56]} 0-1

[Event "Amateur Tournament (ATO)"]
[Site "https://www.chess.com"]
[Date "2025.07.19"]
[Round "5"]
[White "Kalbermatter, Philipp"]
[Black "Ehrsam, Andreas"]
[Result "1-0"]
[Board "16"]
[WhiteFideId "1327976"]
[BlackFideId "1317393"]
[WhiteElo "1908"]
[BlackElo "1774"]
[WhiteTeam "SUI"]
[BlackTeam "SUI"]
[WhiteClock "0:41:23"]
[BlackClock "1:15:33"]
[Variant "Standard"]

1. e4 {[%clk 1:30:51]}  c5 {[%clk 1:30:51]} 2. Nf3 {[%clk 1:30:52]}  a6 {[%clk 1:31:08]} 3. c4 {[%clk 1:19:52]}  Nc6 {[%clk 1:29:52]} 4. d4 {[%clk 1:17:13]}  cxd4 {[%clk 1:29:44]} 5. Nxd4 {[%clk 1:17:21]}  e6 {[%clk 1:28:45]} 6. Nxc6 {[%clk 1:14:28]}  bxc6 {[%clk 1:28:53]} 7. Nc3 {[%clk 1:12:27]}  d6 {[%clk 1:27:14]} 8. Be2 {[%clk 1:10:04]}  Nf6 {[%clk 1:25:38]} 9. O-O {[%clk 1:07:24]}  Be7 {[%clk 1:25:52]} 10. Be3 {[%clk 1:04:13]}  c5 {[%clk 1:23:01]} 11. e5 {[%clk 0:59:57]}  dxe5 {[%clk 1:17:21]} 12. Qxd8+ {[%clk 1:00:02]}  Kxd8 {[%clk 1:17:08]} 13. Na4 {[%clk 0:56:59]}  Nd7 {[%clk 1:16:49]} 14. Rfd1 {[%clk 0:52:56]}  Ke8 {[%clk 1:16:34]} 15. Bf3 {[%clk 0:51:47]}  Rb8 {[%clk 1:16:44]} 16. Bc6 {[%clk 0:50:57]}  f5 {[%clk 1:15:33]} 17. f3 {[%clk 0:41:23]} 1-0

[Event "Amateur Tournament (ATO)"]
[Site "https://www.chess.com"]
[Date "2025.07.19"]
[Round "5"]
[White "Ruchat, Blaise"]
[Black "Eigenmann, Walter"]
[Result "1-0"]
[Board "17"]
[WhiteFideId "1328921"]
[BlackFideId "1324632"]
[WhiteElo "1874"]
[BlackElo "1764"]
[WhiteTeam "SUI"]
[BlackTeam "SUI"]
[WhiteClock "0:09:10"]
[BlackClock "0:16:58"]
[Variant "Standard"]

1. e4 {[%clk 1:30:53]}  Nf6 {[%clk 1:30:46]} 2. e5 {[%clk 1:31:14]}  Nd5 {[%clk 1:31:10]} 3. d4 {[%clk 1:31:34]}  d6 {[%clk 1:31:30]} 4. c4 {[%clk 1:31:58]}  Nb6 {[%clk 1:31:50]} 5. exd6 {[%clk 1:32:15]}  cxd6 {[%clk 1:32:10]} 6. Nc3 {[%clk 1:32:26]}  g6 {[%clk 1:32:26]} 7. Bd3 {[%clk 1:32:11]}  Bg7 {[%clk 1:32:34]} 8. Nge2 {[%clk 1:32:27]}  O-O {[%clk 1:32:05]} 9. O-O {[%clk 1:32:33]}  Nc6 {[%clk 1:31:34]} 10. Be3 {[%clk 1:32:10]}  d5 {[%clk 1:27:46]} 11. c5 {[%clk 1:29:03]}  Nc4 {[%clk 1:27:23]} 12. Bxc4 {[%clk 1:13:19]}  dxc4 {[%clk 1:27:27]} 13. d5 {[%clk 1:12:34]}  Ne5 {[%clk 1:24:54]} 14. b3 {[%clk 1:11:46]}  Bf5 {[%clk 1:17:58]} 15. Bd4 {[%clk 1:01:28]}  Bd3 {[%clk 1:13:01]} 16. f4 {[%clk 0:53:37]}  Ng4 {[%clk 0:49:33]} 17. Rf3 {[%clk 0:51:48]}  Bxe2 {[%clk 0:45:35]} 18. Nxe2 {[%clk 0:50:46]}  Qxd5 {[%clk 0:33:59]} 19. Bxg7 {[%clk 0:46:38]}  Qxd1+ {[%clk 0:33:56]} 20. Rxd1 {[%clk 0:47:03]}  Kxg7 {[%clk 0:34:04]} 21. Rd7 {[%clk 0:42:58]}  Rfd8 {[%clk 0:31:31]} 22. Rxb7 {[%clk 0:41:35]}  Rd1+ {[%clk 0:29:01]} 23. Rf1 {[%clk 0:41:37]}  Rxf1+ {[%clk 0:27:21]} 24. Kxf1 {[%clk 0:42:03]}  cxb3 {[%clk 0:23:36]} 25. axb3 {[%clk 0:40:18]}  Rc8 {[%clk 0:21:48]} 26. h3 {[%clk 0:25:41]}  Ne3+ {[%clk 0:21:35]} 27. Kf2 {[%clk 0:25:49]}  Nd5 {[%clk 0:21:38]} 28. b4 {[%clk 0:25:02]}  a5 {[%clk 0:17:03]} 29. bxa5 {[%clk 0:24:47]}  Rxc5 {[%clk 0:17:23]} 30. a6 {[%clk 0:24:37]}  Ra5 {[%clk 0:17:15]} 31. a7 {[%clk 0:24:53]}  e6 {[%clk 0:17:11]} 32. Nd4 {[%clk 0:14:49]}  Nxf4 {[%clk 0:10:04]} 33. Kf3 {[%clk 0:13:02]}  g5 {[%clk 0:08:22]} 34. Nc6 {[%clk 0:11:30]}  Ra3+ {[%clk 0:03:37]} 35. Ke4 {[%clk 0:07:29]}  Kf6 {[%clk 0:04:16]} 36. Rb8 {[%clk 0:04:17]}  Nxg2 {[%clk 0:02:19]} 37. a8=Q {[%clk 0:04:24]}  Rxa8 {[%clk 0:02:40]} 38. Rxa8 {[%clk 0:04:45]}  Nf4 {[%clk 0:02:35]} 39. Ra3 {[%clk 0:01:23]}  h6 {[%clk 0:01:21]} 40. Ne5 {[%clk 0:00:59]}  Nh5 {[%clk 0:01:16]} 41. Ra7 {[%clk 0:28:23]}  Ng3+ {[%clk 0:31:26]} 42. Kf3 {[%clk 0:26:02]}  Kxe5 {[%clk 0:31:21]} 43. Kxg3 {[%clk 0:26:21]}  Kf6 {[%clk 0:28:36]} 44. Ra5 {[%clk 0:23:50]}  Kg6 {[%clk 0:25:55]} 45. Ra6 {[%clk 0:23:57]}  Kh5 {[%clk 0:25:34]} 46. Rb6 {[%clk 0:23:08]}  Kg6 {[%clk 0:25:51]} 47. Ra6 {[%clk 0:18:10]}  h5 {[%clk 0:25:49]} 48. Rb6 {[%clk 0:12:22]}  h4+ {[%clk 0:24:32]} 49. Kf3 {[%clk 0:12:31]}  Kf5 {[%clk 0:24:23]} 50. Rb5+ {[%clk 0:12:29]}  e5 {[%clk 0:24:23]} 51. Ra5 {[%clk 0:12:18]}  Ke6 {[%clk 0:23:17]} 52. Ra6+ {[%clk 0:11:17]}  Kf5 {[%clk 0:23:02]} 53. Rb6 {[%clk 0:11:42]}  f6 {[%clk 0:22:13]} 54. Ra6 {[%clk 0:11:38]}  Kg6 {[%clk 0:21:18]} 55. Ke4 {[%clk 0:12:01]}  g4 {[%clk 0:19:23]} 56. hxg4 {[%clk 0:12:06]}  Kg5 {[%clk 0:19:39]} 57. Kf3 {[%clk 0:12:02]}  h3 {[%clk 0:19:41]} 58. Ra8 {[%clk 0:10:31]}  e4+ {[%clk 0:16:43]} 59. Kg3 {[%clk 0:09:16]}  e3 {[%clk 0:16:38]} 60. Re8 {[%clk 0:09:13]}  h2 {[%clk 0:16:45]} 61. Rg8+ {[%clk 0:08:54]}  Kh6 {[%clk 0:16:58]} 62. Rh8+ {[%clk 0:09:10]} 1-0

[Event "Amateur Tournament (ATO)"]
[Site "https://www.chess.com"]
[Date "2025.07.19"]
[Round "5"]
[White "Bracher, Juerg"]
[Black "Steiner, Remo"]
[Result "1/2-1/2"]
[Board "18"]
[WhiteFideId "1337521"]
[BlackFideId "1360973"]
[WhiteElo "1848"]
[BlackElo "1690"]
[WhiteTeam "SUI"]
[BlackTeam "SUI"]
[WhiteClock "0:12:02"]
[BlackClock "0:04:40"]
[Variant "Standard"]

1. c4 {[%clk 1:30:58]}  e5 {[%clk 1:30:42]} 2. Nc3 {[%clk 1:31:23]}  Bb4 {[%clk 1:31:05]} 3. g3 {[%clk 1:31:36]}  Nf6 {[%clk 1:31:17]} 4. Bg2 {[%clk 1:32:01]}  O-O {[%clk 1:29:06]} 5. Qc2 {[%clk 1:30:49]}  Nc6 {[%clk 1:27:02]} 6. e3 {[%clk 1:31:08]}  Bxc3 {[%clk 1:25:20]} 7. Qxc3 {[%clk 1:31:14]}  d5 {[%clk 1:25:11]} 8. cxd5 {[%clk 1:27:45]}  Nxd5 {[%clk 1:25:20]} 9. Bxd5 {[%clk 1:08:59]}  Qxd5 {[%clk 1:25:38]} 10. f3 {[%clk 1:09:08]}  Bf5 {[%clk 1:12:43]} 11. b3 {[%clk 1:02:08]}  Rfe8 {[%clk 1:04:43]} 12. Bb2 {[%clk 1:01:34]}  Nd4 {[%clk 0:50:52]} 13. Kf2 {[%clk 0:54:04]}  Nb5 {[%clk 0:49:49]} 14. Qc1 {[%clk 0:52:46]}  Rad8 {[%clk 0:39:23]} 15. Ne2 {[%clk 0:43:22]}  Qxd2 {[%clk 0:33:19]} 16. Rd1 {[%clk 0:43:22]}  Qxc1 {[%clk 0:24:29]} 17. Raxc1 {[%clk 0:43:32]}  f6 {[%clk 0:17:06]} 18. g4 {[%clk 0:34:42]}  Rxd1 {[%clk 0:14:29]} 19. Rxd1 {[%clk 0:35:06]}  Be6 {[%clk 0:14:37]} 20. Ng3 {[%clk 0:33:25]}  Nd6 {[%clk 0:11:13]} 21. g5 {[%clk 0:29:42]}  fxg5 {[%clk 0:09:21]} 22. Bxe5 {[%clk 0:29:56]}  Bxb3 {[%clk 0:09:03]} 23. h3 {[%clk 0:18:22]}  Re7 {[%clk 0:08:16]} 24. Nf1 {[%clk 0:12:02]}  h6 {[%clk 0:04:40]} 1/2-1/2

[Event "Amateur Tournament (ATO)"]
[Site "https://www.chess.com"]
[Date "2025.07.19"]
[Round "5"]
[White "Filimonov, Arsenii"]
[Black "Rubeck, Jonathan"]
[Result "1-0"]
[Board "19"]
[WhiteFideId "34171584"]
[BlackFideId "435678"]
[WhiteElo "1666"]
[BlackElo "1832"]
[WhiteTeam "SUI"]
[BlackTeam "ENG"]
[WhiteClock "0:30:12"]
[BlackClock "0:57:35"]
[Variant "Standard"]

1. e4 {[%clk 1:30:56]}  e6 {[%clk 1:30:55]} 2. d4 {[%clk 1:31:22]}  d5 {[%clk 1:31:21]} 3. Nd2 {[%clk 1:31:47]}  Nf6 {[%clk 1:31:42]} 4. e5 {[%clk 1:32:07]}  Nfd7 {[%clk 1:32:02]} 5. Bd3 {[%clk 1:32:14]}  c5 {[%clk 1:32:23]} 6. c3 {[%clk 1:32:30]}  Nc6 {[%clk 1:32:45]} 7. Ne2 {[%clk 1:32:32]}  cxd4 {[%clk 1:32:40]} 8. cxd4 {[%clk 1:32:52]}  f6 {[%clk 1:33:04]} 9. exf6 {[%clk 1:32:56]}  Nxf6 {[%clk 1:33:24]} 10. Nf3 {[%clk 1:31:59]}  Bd6 {[%clk 1:33:28]} 11. Bf4 {[%clk 1:29:42]}  Bb4+ {[%clk 1:31:19]} 12. Bd2 {[%clk 1:24:05]}  Bxd2+ {[%clk 1:28:42]} 13. Qxd2 {[%clk 1:22:46]}  O-O {[%clk 1:28:39]} 14. O-O {[%clk 1:22:43]}  Qd6 {[%clk 1:26:53]} 15. Rfe1 {[%clk 1:10:56]}  Bd7 {[%clk 1:20:32]} 16. Rac1 {[%clk 1:04:10]}  Rae8 {[%clk 1:20:21]} 17. Bb5 {[%clk 0:55:30]}  Ne4 {[%clk 1:14:34]} 18. Qe3 {[%clk 0:53:25]}  Rf6 {[%clk 1:07:12]} 19. Ng3 {[%clk 0:51:27]}  Ref8 {[%clk 1:05:04]} 20. Nxe4 {[%clk 0:32:36]}  Rf4 {[%clk 0:57:35]} 21. g4 {[%clk 0:30:12]} 1-0

[Event "Amateur Tournament (ATO)"]
[Site "https://www.chess.com"]
[Date "2025.07.19"]
[Round "5"]
[White "Van Bogaert, Olivier"]
[Black "Runge, Bernd"]
[Result "0-1"]
[Board "21"]
[WhiteFideId "134178780"]
[BlackFideId "533024090"]
[WhiteElo "1793"]
[BlackElo "1642"]
[WhiteTeam "SUI"]
[BlackTeam "GER"]
[WhiteClock "0:23:44"]
[BlackClock "0:26:17"]
[Variant "Standard"]

1. c4 {[%clk 1:30:53]}  c5 {[%clk 1:30:27]} 2. g3 {[%clk 1:31:15]}  g6 {[%clk 1:30:47]} 3. Bg2 {[%clk 1:31:33]}  Bg7 {[%clk 1:31:09]} 4. Nc3 {[%clk 1:31:17]}  Nc6 {[%clk 1:30:54]} 5. Nf3 {[%clk 1:31:38]}  Nf6 {[%clk 1:30:48]} 6. d4 {[%clk 1:30:52]}  cxd4 {[%clk 1:24:56]} 7. Nxd4 {[%clk 1:31:10]}  O-O {[%clk 1:24:23]} 8. O-O {[%clk 1:27:00]}  Nxd4 {[%clk 1:13:07]} 9. Qxd4 {[%clk 1:27:28]}  d6 {[%clk 1:13:03]} 10. Qd1 {[%clk 1:15:01]}  Rb8 {[%clk 1:06:14]} 11. Qb3 {[%clk 1:01:05]}  Bd7 {[%clk 0:55:04]} 12. a4 {[%clk 0:56:55]}  Bc6 {[%clk 0:51:21]} 13. e4 {[%clk 0:49:21]}  Nd7 {[%clk 0:43:37]} 14. Be3 {[%clk 0:47:11]}  b6 {[%clk 0:41:38]} 15. Qc2 {[%clk 0:39:47]}  a6 {[%clk 0:37:00]} 16. Rfd1 {[%clk 0:35:58]}  f5 {[%clk 0:35:16]} 17. Nd5 {[%clk 0:32:15]}  e6 {[%clk 0:30:17]} 18. Nf4 {[%clk 0:31:48]}  Qe7 {[%clk 0:27:48]} 19. e5 {[%clk 0:29:00]}  Nxe5 {[%clk 0:26:56]} 20. Bd4 {[%clk 0:23:44]}  Bxg2 {[%clk 0:26:17]} 21. Nxg2 {[%clk 0:23:44]}  Nf3+ {[%clk 0:26:17]} 0-1

[Event "Amateur Tournament (ATO)"]
[Site "https://www.chess.com"]
[Date "2025.07.19"]
[Round "5"]
[White "Heitmann, Erik"]
[Black "Steiner, Philippe"]
[Result "1-0"]
[Board "22"]
[WhiteFideId "34608940"]
[BlackFideId "1312340"]
[WhiteElo "1821"]
[BlackElo "1864"]
[WhiteTeam "GER"]
[BlackTeam "SUI"]
[WhiteClock "0:27:50"]
[BlackClock "1:01:37"]
[Variant "Standard"]

1. d4 {[%clk 1:30:57]}  Nf6 {[%clk 1:30:42]} 2. c4 {[%clk 1:31:24]}  g6 {[%clk 1:30:58]} 3. Nc3 {[%clk 1:31:49]}  Bg7 {[%clk 1:31:19]} 4. e4 {[%clk 1:32:13]}  d6 {[%clk 1:31:43]} 5. f3 {[%clk 1:32:39]}  Nbd7 {[%clk 1:31:16]} 6. Be3 {[%clk 1:33:00]}  O-O {[%clk 1:31:36]} 7. Nge2 {[%clk 1:33:22]}  e5 {[%clk 1:31:43]} 8. d5 {[%clk 1:33:46]}  a6 {[%clk 1:31:03]} 9. Qd2 {[%clk 1:34:10]}  Ne8 {[%clk 1:29:46]} 10. g4 {[%clk 1:32:52]}  Bf6 {[%clk 1:28:38]} 11. g5 {[%clk 1:29:31]}  Bg7 {[%clk 1:28:53]} 12. O-O-O {[%clk 1:29:15]}  f5 {[%clk 1:29:02]} 13. h4 {[%clk 1:29:12]}  f4 {[%clk 1:29:05]} 14. Bf2 {[%clk 1:29:37]}  b5 {[%clk 1:27:42]} 15. c5 {[%clk 1:22:26]}  dxc5 {[%clk 1:23:33]} 16. d6 {[%clk 1:22:44]}  Rf7 {[%clk 1:17:42]} 17. Bh3 {[%clk 1:20:14]}  cxd6 {[%clk 1:16:56]} 18. Be6 {[%clk 1:19:38]}  Bb7 {[%clk 1:15:09]} 19. Nd5 {[%clk 1:13:15]}  Bf8 {[%clk 1:12:44]} 20. h5 {[%clk 1:08:15]}  Ng7 {[%clk 1:12:30]} 21. Bxf7+ {[%clk 1:05:15]}  Kxf7 {[%clk 1:12:57]} 22. hxg6+ {[%clk 1:04:07]}  hxg6 {[%clk 1:09:45]} 23. Rh7 {[%clk 1:04:06]}  Kg8 {[%clk 1:09:45]} 24. Rdh1 {[%clk 1:03:39]}  Qxg5 {[%clk 1:03:12]} 25. Rh8+ {[%clk 0:30:39]}  Kf7 {[%clk 1:03:34]} 26. Rg1 {[%clk 0:28:06]}  Qd8 {[%clk 1:03:50]} 27. Bh4 {[%clk 0:27:50]}  Qc8 {[%clk 1:01:37]} 1-0